000 01261nam a2200253Ia 4500
999 _c53842
_d53842
001 20893
003 GE_BSU
005 20210610182518.0
008 181216s2015||||ge |||||||||||||| ||geo||
020 _a9789941942723
040 _cGE_BSU
041 _ageo
080 _a347(094) ნ–38
100 _aნაჭყებია, ალეკო
_99336
245 _aსამოქალაქო სამართლებრივი ნორმების განმარტებები უზენაესი სასამართლოს პრაქტიკაში(2000-2014) /
_cალეკო ნაჭყებია.
250 _aმე-2 გადამუშავებული გამოცემა
264 _aთბილისი :
_bბონა კაუზა,
_c2015.
300 _a549 გვ. ;
_c30 სმ.
490 _aიურისტის ბიბლიოთეკა
541 _h27ლ.50თ.
653 _aსამართალი
653 _aსამოქალაქო სამართლებრივი ნორმების განმარტებები უზენაესი სასამართლოს პრაქტიკაში
942 _cBK
_2udc